Social security : keeping the promise in the 21st century : hearing before the Special Committee on Aging, United States Senate, One Hundred Eleventh Congress, first session, Washington, DC, June 17, 2009.

Bibliographic Details
Corporate Author: United States. Congress. Senate. Special Committee on Aging
Format: Government Document eBook
Language:English
Published: Washington : U.S. G.P.O., 2009.
Series:S. hrg. ; 111-188
Subjects:
Online Access:Electronic resource (PDF)

MARC

Tag First Indicator Second Indicator Subfields
LEADER 00000cam a22000001a 4500
001 in00004100537
005 20200117091313.0
006 m d f
007 cr bn mmmapmmp
008 100106s2009 dcua ob f000 0 eng d
035 |a chdc201000961 
040 |a UMI  |c UMI  |d UtOrBLW 
042 |a pcc 
043 |a n-us--- 
074 |a 1009-B-01 
086 0 |a Y 4.AG 4:S.HRG.111-188 
088 |a Serial no. 111-8 (United States. Congress. Senate. Special Committee on Aging) 
110 1 |a United States.  |b Congress.  |b Senate.  |b Special Committee on Aging.  |0 http://id.loc.gov/authorities/names/n80151956 
245 1 0 |a Social security :  |b keeping the promise in the 21st century : hearing before the Special Committee on Aging, United States Senate, One Hundred Eleventh Congress, first session, Washington, DC, June 17, 2009. 
264 1 |a Washington :  |b U.S. G.P.O.,  |c 2009. 
264 2 |a Washington :  |b For sale by the Supt. of Docs., U.S. G.P.O. 
300 |a iii, 81 pages :  |b illustrations, digital, PDF file. 
336 |a text  |b txt  |2 rdacontent 
337 |a computer  |b c  |2 rdamedia 
338 |a online resource  |b cr  |2 rdacarrier 
490 1 |a S. hrg. ;  |v 111-188 
500 |a Shipping list number: 2010-0089-P. 
504 |a Includes bibliographical references. 
500 |a "Serial number 111-8." 
500 |a Record is based on bibliographic data in ProQuest Congressional Hearings Digital Collection. Reuse except for individual research requires license from ProQuest, LLC. 
500 |a Electronic resource. 
533 |a Electronic reproduction.  |b [Bethesda, Md.] :  |c ProQuest,  |d 2010.  |e digital, PDF file.  |n ProQuest U.S. Congressional Hearings Digital Collection.  |n Mode of access: World Wide Web via ProQuest website. 
538 |a System requirements: PDF reader software. 
650 0 |a Social security  |z United States  |x Finance.  |0 http://id.loc.gov/authorities/subjects/sh2008111201 
650 0 |a Social security  |z United States.  |0 http://id.loc.gov/authorities/subjects/sh2008111200 
776 0 8 |i Print version:   |a United States. Congress. Senate. Special Committee on Aging.  |t Social security  |w 9780160848407  |w 0160848407  |w (OCoLC)496016983  |z 2009526382 
776 0 8 |i Microfiche version:   |a United States. Congress. Senate. Special Committee on Aging.  |t Social security  |d [Bethesda, Md.] : ProQuest,[2010]  |o CIS 2010 S141-4  |w (ProQuest)cis01002635  
810 1 |a United States.  |b Congress.  |b Senate.  |t S. hrg. ;  |v 111-188.  |0 http://id.loc.gov/authorities/names/n83707917 
856 4 0 |u http://proxy.library.tamu.edu/login?url=http://search.proquest.com/congcomp/getdoc?HEARING-ID=HRG-2009-AGS-0008  |y Electronic resource (PDF)  |t 0 
998 |a cis01002635  
999 f f |s 9b56a725-0463-3cea-b33b-87791f0c741e  |i 35ee2d7f-aa41-311f-903f-b1bb5b4c91f0  |t 0 
952 f f |a Texas A&M University  |b College Station  |c Electronic Resources  |d Available Online  |t 0  |e Y 4.AG 4:S.HRG.111-188  |h Superintendent of Documents classification 
998 f f |a Y 4.AG 4:S.HRG.111-188  |t 0  |l Available Online